Statistics for Name the Group

Click here to take the quiz!

General Stats

  • This quiz has been taken 32,973 times
  • The average score is 14 of 22

Answer Stats

MembersGroup% Correct
John, Paul, RingoBeatles
92%
Zeus, Poseidon, AthenaOlympian Gods
92%
Alvin, Simon, TheodoreChipmunks
90%
Posh, Scary, GingerSpice Girls
86%
Miss Piggy, Fozzy Bear, AnimalMuppets
83%
Dasher, Donner, BlitzenSanta's Reindeer
83%
Michelangelo, Donatello, RaphaelTeenage Mutant
Ninja Turtles
82%
James, Peter, JudasApostles of Jesus
77%
Iron Man, Black Widow,
Captain America
Avengers
76%
Cyclops, Beast, WolverineX-Men
74%
Human Torch, The Thing,
Invisible Woman
Fantastic Four
67%
Larry, Curly, MoeThree Stooges
62%
Frodo, Gandalf, GimliFellowship of the Ring
59%
Frank Sinatra, Dean Martin,
Sammy Davis Jr.
Rat Pack
59%
Athos, Porthos, AramisThree Musketeers
58%
Luciano Pavarotti,
Plácido Domingo, José Carreras
Three Tenors
56%
Blossom, Bubbles, ButtercupPower Puff Girls
54%
Hannibal, Faceman, B.A. BaracusA-Team
45%
Melchior, Caspar, BalthazarMagi
43%
Emilio Estevez,
Rob Lowe, Ally Sheedy
Brat Pack
37%
Ray Stantz, Egon Spengler,
Peter Venkman
Ghostbusters
35%
Lion-O, Tygra, PanthroThunderCats
26%

Score Distribution

Percentile by Number Answered

Percent of People with Each Score

Your Score History

You have not taken this quiz